000 00707nam a2200181Ia 4500
008 090630s9999 xx 000 0 und d
082 _b15287
100 _aटोळ दत्ता श्री.
245 _aशंखनाद राक्षसाचा डोंगर.
_cटोळ दत्ता श्री.
260 _bगमभन - पुणे.
300 _a0
600 _aटोळ दत्ता श्री.
630 _aशंखनाद राक्षसाचा डोंगर.
655 _aबालवाङमय.
700 _aटोळ दत्ता श्री.
730 _aशंखनाद राक्षसाचा डोंगर.
942 _cBOOK
999 _c267143
_d267143